Search the Library Catalogue
| 000 -LEADER | |
|---|---|
| fixed length control field | 00572nam a2200157Ia 4500 |
| 008 - FIXED-LENGTH DATA ELEMENTS--GENERAL INFORMATION | |
| fixed length control field | 240821s9999 xx 000 0 und d |
| 020 ## - INTERNATIONAL STANDARD BOOK NUMBER | |
| ISBN | 9789391270131 |
| Paper back/Hardbound | pbk |
| 041 ## - LANGUAGE CODE | |
| Language code of text/sound track or separate title | eng |
| 082 ## - DEWEY DECIMAL CLASSIFICATION NUMBER | |
| Classification number | 300 |
| Item number | HAY |
| 100 ## - MAIN ENTRY--AUTHOR NAME | |
| Personal name | Hayes, Edward Cary |
| 245 #0 - TITLE STATEMENT | |
| Title | Sociology and ethics |
| Statement of responsibility, etc | Edward Cry Hayes |
| Sub Title | the facts of social life as the source of solutions for the theoretical and practical problems of ethics |
| 260 ## - PUBLICATION, DISTRIBUTION, ETC. (IMPRINT) | |
| Name of publisher | Maxwell |
| Year of publication | c2023 |
| Place of publication | Chennai : |
| 300 ## - PHYSICAL DESCRIPTION | |
| Number of Pages | viii, 354 p. : |
| Dimensions | 22 cm. |
| 650 ## - SUBJECT ADDED ENTRY--TOPICAL TERM | |
| Topical Term | Sociology; Art Moral and ethical aspects; sociology and ethical |
| 942 ## - ADDED ENTRY ELEMENTS (KOHA) | |
| Koha item type | English Books |
| Withdrawn status | Lost status | Damaged status | Not for loan | Home library | Current library | Shelving location | Date acquired | Cost, normal purchase price | Full call number | Accession Number | Price effective from | Koha item type | Copy number |
|---|---|---|---|---|---|---|---|---|---|---|---|---|---|
| Anna Centenary Library | Anna Centenary Library | 3RD FLOOR, B WING | 01.04.2024 | 1200.00 | 300 HAY | 670719 | 01.04.2024 | English Books | |||||
| Anna Centenary Library | Anna Centenary Library | 3RD FLOOR, B WING | 01.04.2024 | 1200.00 | 300 HAY;1 | 670720 | 01.04.2024 | English Books | 1 |